Culture Générale - Clic Quiz - La réponse est un genre musical - Statistiques

Statistiques générales
  • Ce quiz a été pris 234 fois
  • Le résultat moyen est 12 sur 20
Statistiques - réponses
Hint Réponse % Correct
Compléte l'Ancien nom d'artiste complet du chanteur français avant 2010 (devenu Ben) : "Ben l'Oncle ..." Soul
85%
Issu du ska et du rocksteady qui a émergé à la fin des années 1960 en Jamaïque Reggae
84%
Le film Sister Act (1992) avec Whoopi Goldberg se termine par un concert de ce genre musical devant le pape Jean-Paul II Gospel
77%
De Janeiro dans le titre d'une chanson du groupe allemand Bellini, tube de l'été 1997 Samba
74%
Se dit aussi d'un style vestimentaire très négligé, une mode des années 1990 Grunge
70%
"..stars " une émission de télévision française musicale diffusée sur M6 de 2001 à 2003 puis en 2007, puis sur D8 en 2013 et Prime Video à compter de septembre 2024 Pop
70%
Joue une place centrale dans le film 8 Mile sorti en 2002 Rap
69%
Principal constituant d'Alliage quand on ne parle pas du Boys Band de ce nom Metal
65%
Berlin en est souvent considéré comme la capitale mondiale Techno
61%
Film de 2008 de Fabien Onteniente avec Franck Dubosc, Samuel Le Bihan et Abbes Zahmani Disco
60%
Liège Bastogne Liège en est un au Cyclisme Classique
59%
Compléte le nom d'une série de jeux vidéo sorties en 1994, 2010 et 2013 notamment : Donkey Kong ... Country
53%
Un Johnny qui se présente comme " le premier sosie officiel de Johnny Hallyday " Rock
48%
Visuellement adopte souvent une esthétique rétro-futuriste, imitant la science-fiction et les films des années 1980 Synthwave
48%
Courant spirituel occidental des XXe et XXIe siècles, caractérisé par une approche individuelle et éclectique de la spiritualité New Age
45%
Franchise de basket-ball de la National Basketball Association basée à Salt Lake City dans l'État de l'Utah aux États-Unis Jazz
44%
Généralisation, dans plusieurs domaines des mathématiques, de la notion de courbes, surfaces ou volumes; représentation locale des objets Variété
43%
Franchise de la Ligue nationale de hockey située à Saint-Louis aux Etats-Unis Blues
38%
Correspond aussi à la somme des revenus primaires bruts des résidents d'une économie sur une période donnée. RnB
31%
Massive Attack, Portishead, Morcheeba, Lamb, Hooverphonic en sont les groupes phares (entre autres) Trip Hop
31%
Aucun quiz correspondant
Distribution des résultats
% des personnes avec chaque résultat
Percentile par nombre de réponses
Votre historique - résultats
Vous n’avez pas pris ce quiz